Pohľadávky - finančno-ekonomické, legislatívne, účtovné a daňové aspekty
Charakteristika pohľadávok. Pohľadávky v praxi. Finančno-ekonomické, legislatívne a účtovné aspekty. Vznik pohľadávok v dôsledku realizácie obchodného vzťahu medzi obchodnými partnermi. Obchodný úver ako nástroj konkurenčného boja. Daňové aspekty vzniku pohľadávky. Problematika riadenia pohľadávok.
Saved in:
| Main Author: | |
|---|---|
| Format: | Book Chapter |
| Language: | Slovak |
| Subjects: | |
| Tags: |
No Tags, Be the first to tag this record!
|
MARC
| LEADER | 00000naa a2200000 4500 | ||
|---|---|---|---|
| 001 | r033495 | ||
| 005 | 20230912112658.0 | ||
| 041 | 0 | |a slo | |
| 044 | |a SK | ||
| 245 | 1 | 0 | |a Pohľadávky - finančno-ekonomické, legislatívne, účtovné a daňové aspekty |c Jana Šnircová |
| 520 | |a Charakteristika pohľadávok. Pohľadávky v praxi. Finančno-ekonomické, legislatívne a účtovné aspekty. Vznik pohľadávok v dôsledku realizácie obchodného vzťahu medzi obchodnými partnermi. Obchodný úver ako nástroj konkurenčného boja. Daňové aspekty vzniku pohľadávky. Problematika riadenia pohľadávok. | ||
| 610 | 2 | 0 | |a pohľadávky |
| 610 | 2 | 0 | |a vzťahy obchodné |
| 610 | 2 | 0 | |a partneri obchodní |
| 610 | 2 | 0 | |a úver obchodný |
| 610 | 2 | 0 | |a odberatelia |
| 610 | 2 | 0 | |a veritelia |
| 610 | 2 | 0 | |a dlžníci |
| 100 | 1 | |a Šnircová, Jana, 1971- | |